Potential possibilities of cross-border economic cooperation in region Bratislava - Vienna from point of view macroregional relations in European space

Gespeichert in:
Bibliographische Detailangaben
1. Verfasser: Tvrdoň, Jozef
Format: Buchkapitel
Sprache:Englisch
Tags: Tag hinzufügen
Keine Tags, Fügen Sie das erste Tag hinzu!

MARC

LEADER 00000naa$a2200000$$$4500
001 0136353
005 20240502083328.7
041 0 |a eng 
044 |a CZ 
245 1 0 |a Potential possibilities of cross-border economic cooperation in region Bratislava - Vienna  |b from point of view macroregional relations in European space  |c Jozef Tvrdoň 
100 1 |a Tvrdoň, Jozef